[Event "4NCL Division 2a"]
[Site "De Vere, Staverton Park ENG"]
[Date "2013.01.13"]
[Round "4.34"]
[White "Latham, David"]
[Black "Horspool, Philip J"]
[Result "1-0"]
[WhiteElo "2143"]
[BlackElo "2008"]
[PlyCount "77"]
[EventDate "2013.01.13"]
[WhiteTeam "Spirit of Atticus"]
[BlackTeam "e2e4.org.uk 2"]

1. e4 e5 2. Bc4 Nf6 3. d3 Nc6 4. f4 Bc5 5. Nf3 d6 6. fxe5 dxe5 7. Bg5 Qd6 8.
Nc3 a6 9. h3 h6 10. Bxf6 Qxf6 11. Qd2 Be6 12. Bxe6 fxe6 13. O-O-O O-O-O 14.
Rhf1 Qe7 15. Ne2 Rd6 16. Kb1 Bb4 17. Qe3 Rhd8 18. Nc1 Ba5 19. Qf2 Bb6 20. Qg3
g5 21. Nxe5 Nxe5 22. Qxe5 Bd4 23. Qa5 Rb6 24. Nb3 Rb5 25. Qd2 Be5 26. d4 c5 27.
Qc3 Rxb3 28. Qxb3 cxd4 29. Rd3 Qd6 30. Rdf3 Qc6 31. Qd3 Rd6 32. Rf8+ Kc7 33.
Qb3 b5 34. R1f7+ Rd7 35. a4 Rxf7 36. Rxf7+ Kb6 37. axb5 axb5 38. Re7 Bd6 39.
Rxe6 1-0

[Event "4NCL Division 2a"]
[Site "De Vere, Staverton Park ENG"]
[Date "2013.01.13"]
[Round "4.35"]
[White "Nwachukwu, Chino"]
[Black "Jackson, Sheila"]
[Result "1/2-1/2"]
[WhiteElo "1962"]
[BlackElo "2177"]
[PlyCount "64"]
[EventDate "2013.01.13"]
[WhiteTeam "e2e4.org.uk 2"]
[BlackTeam "Spirit of Atticus"]

1. e4 e5 2. Nf3 Nc6 3. Bb5 Nf6 4. O-O Nxe4 5. d4 Nd6 6. Bxc6 dxc6 7. dxe5 Nf5
8. Qxd8+ Kxd8 9. Nc3 Bd7 10. Bg5+ Kc8 11. Rad1 h6 12. Bf4 b6 13. a3 g5 14. Bg3
Bg7 15. Rfe1 Re8 16. e6 Bxe6 17. Be5 Bxe5 18. Nxe5 Kb7 19. h3 Rad8 20. Ng4 a5
21. Nf6 Rh8 22. Nce4 Nd6 23. Nxd6+ Rxd6 24. Ne4 Rxd1 25. Rxd1 Bf5 26. Re1 Rd8
27. Kf1 c5 28. f3 Kc6 29. Kf2 b5 30. Ke3 Re8 31. g4 Bg6 32. h4 gxh4 1/2-1/2

[Event "4NCL Division 2a"]
[Site "De Vere, Staverton Park ENG"]
[Date "2013.01.13"]
[Round "4.36"]
[White "Mort, Andrew J"]
[Black "Truman, Richard G"]
[Result "1/2-1/2"]
[WhiteElo "2021"]
[BlackElo "1935"]
[PlyCount "39"]
[EventDate "2013.01.13"]
[WhiteTeam "Spirit of Atticus"]
[BlackTeam "e2e4.org.uk 2"]

1. c4 e6 2. g3 f5 3. Bg2 Nf6 4. Nf3 Be7 5. O-O O-O 6. Nc3 d6 7. d3 c6 8. e4 e5
9. exf5 Bxf5 10. c5 Qc7 11. cxd6 Bxd6 12. Ng5 Na6 13. Nce4 Rad8 14. Qb3+ Kh8
15. Be3 Nd5 16. Rad1 Bg4 17. Rc1 Be7 18. h4 h6 19. Nh3 Qd7 20. Kh2 1/2-1/2

[Event "4NCL Division 2a"]
[Site "De Vere, Staverton Park ENG"]
[Date "2013.01.13"]
[Round "4.37"]
[White "Taylor, Dale C"]
[Black "Ackley, Peter JE"]
[Result "1/2-1/2"]
[WhiteElo "1936"]
[BlackElo "2029"]
[PlyCount "32"]
[EventDate "2013.01.13"]
[WhiteTeam "e2e4.org.uk 2"]
[BlackTeam "Spirit of Atticus"]

1. Nf3 e6 2. c4 f5 3. g3 Nf6 4. Bg2 d5 5. O-O Bd6 6. b3 Qe7 7. Bb2 O-O 8. d3 a5
9. Nbd2 Na6 10. e4 dxe4 11. dxe4 Nxe4 12. Nxe4 fxe4 13. Nd2 e3 14. fxe3 Rxf1+
15. Qxf1 Bc5 16. Qe2 Rb8 1/2-1/2

[Event "4NCL Division 2a"]
[Site "De Vere, Staverton Park ENG"]
[Date "2013.01.13"]
[Round "4.38"]
[White "Robertson, David J"]
[Black "Webster, Richard J"]
[Result "1-0"]
[WhiteElo "1939"]
[BlackElo "1977"]
[PlyCount "75"]
[EventDate "2013.01.13"]
[WhiteTeam "Spirit of Atticus"]
[BlackTeam "e2e4.org.uk 2"]

1. e4 e6 2. d4 d5 3. Nc3 Nf6 4. e5 Nfd7 5. f4 c5 6. Nf3 Nc6 7. Be3 a6 8. a3 b5
9. dxc5 Bxc5 10. Bxc5 Nxc5 11. Nd4 Nxd4 12. Qxd4 Qb6 13. Be2 Rb8 14. O-O g6 15.
Bd3 O-O 16. Kh1 Na4 17. Qxb6 Nxb6 18. Ne2 Bd7 19. Nd4 Rfc8 20. Kg1 a5 21. Rfc1
b4 22. axb4 axb4 23. Ra7 Ra8 24. Rca1 Kf8 25. Rxa8 Rxa8 26. Rxa8+ Nxa8 27. Kf2
Nb6 28. b3 f6 29. Nf3 Kf7 30. Ke3 Bc6 31. Kd4 Nd7 32. exf6 Kxf6 33. Ne5 Nxe5
34. fxe5+ Kg5 35. Kc5 Be8 36. Kd6 Bf7 37. Ke7 Bg8 38. g3 1-0

[Event "4NCL Division 2a"]
[Site "De Vere, Staverton Park ENG"]
[Date "2013.01.13"]
[Round "4.41"]
[White "Jones, Richard S"]
[Black "Rutter, Nick J"]
[Result "1-0"]
[WhiteElo "2393"]
[BlackElo "2193"]
[PlyCount "61"]
[EventDate "2013.01.13"]
[WhiteTeam "Rhyfelwyr Essyllwg 1"]
[BlackTeam "Wessex"]

1. e4 c5 2. Nf3 Nc6 3. d4 cxd4 4. Nxd4 Nf6 5. Nc3 e5 6. Ndb5 d6 7. Bg5 a6 8.
Na3 b5 9. Nd5 Be7 10. Bxf6 Bxf6 11. c3 Ne7 12. Nxf6+ gxf6 13. Bd3 Bb7 14. Qe2
Qb6 15. Nc2 d5 16. O-O-O Rc8 17. Kb1 dxe4 18. Bxe4 Bxe4 19. Qxe4 Qc6 20. Qd3 a5
21. Rhe1 O-O 22. Qd7 Qc5 23. Qg4+ Kh8 24. Qh4 Rc6 25. Ne3 f5 26. Rd7 Ng6 27.
Qg5 f4 28. Nf5 Qc4 29. Qh6 Rg8 30. Rd8 Nf8 31. Qxf8 1-0

[Event "4NCL Division 2a"]
[Site "De Vere, Staverton Park ENG"]
[Date "2013.01.13"]
[Round "4.42"]
[White "Yeo, Michael J"]
[Black "Kett, Timothy J"]
[Result "1-0"]
[WhiteElo "2155"]
[BlackElo "2220"]
[PlyCount "75"]
[EventDate "2013.01.13"]
[WhiteTeam "Wessex"]
[BlackTeam "Rhyfelwyr Essyllwg 1"]

1. e4 e5 2. Nf3 Nc6 3. Bc4 Nf6 4. d4 exd4 5. O-O Bc5 6. e5 d5 7. exf6 dxc4 8.
fxg7 Rg8 9. Bg5 Qd5 10. Nc3 Qf5 11. Ne4 Rxg7 12. Nh4 Qxe4 13. Re1 Qxe1+ 14.
Qxe1+ Be6 15. Bf6 Rg4 16. h3 Rg8 17. Qe4 Kd7 18. Rd1 Rae8 19. Nf5 Kc8 20. Ng7
Ref8 21. Nxe6 fxe6 22. Qxe6+ Kb8 23. Qxc4 Bb6 24. Bxd4 Nxd4 25. Rxd4 Bxd4 26.
Qxd4 b6 27. Qh4 Rg7 28. f4 Rd7 29. Kf2 Rd2+ 30. Kf3 Re8 31. f5 Rxc2 32. g4 Rxb2
33. f6 Rb1 34. Qf2 h6 35. f7 Rf8 36. Kg3 Rd1 37. Qf5 Kb7 38. Qf3+ 1-0

[Event "4NCL Division 2a"]
[Site "De Vere, Staverton Park ENG"]
[Date "2013.01.13"]
[Round "4.43"]
[White "Spice, Alan P"]
[Black "Simons, Martin J"]
[Result "1-0"]
[WhiteElo "2099"]
[BlackElo "2158"]
[PlyCount "101"]
[EventDate "2013.01.13"]
[WhiteTeam "Rhyfelwyr Essyllwg 1"]
[BlackTeam "Wessex"]

1. Nc3 d5 2. e4 Nf6 3. exd5 Nxd5 4. Bc4 e6 5. Nf3 Nb6 6. Bb3 Nc6 7. Qe2 Be7 8.
O-O O-O 9. a3 Nd4 10. Nxd4 Qxd4 11. d3 Qd8 12. Re1 Bd7 13. Ne4 Bc6 14. Bd2 Kh8
15. Rad1 Na4 16. Bc1 Qd7 17. d4 Rad8 18. Rd3 Bd5 19. Rh3 g6 20. Qe3 f6 21. Qh6
Rf7 22. Qxg6 e5 23. Bxd5 Qxd5 24. Nxf6 Bxf6 25. Rxh7+ Rxh7 26. Qxf6+ Rg7 27. g3
Rd6 28. Qxe5 Nb6 29. Bf4 Kh7 30. Qe2 Nd7 31. Bxd6 cxd6 32. Qd3+ Kg8 33. c4 Qf7
34. Qe2 Nf6 35. Qe6 Ng4 36. f4 Kh7 37. Qxf7 Rxf7 38. Re6 Rc7 39. h3 Nh6 40.
Rxd6 Nf5 41. Rd5 Nxg3 42. Kf2 Ne4+ 43. Ke3 Nf6 44. Rc5 Rf7 45. Re5 Kh6 46. d5
Nh5 47. d6 Nxf4 48. Re7 Rf6 49. d7 Ng2+ 50. Ke4 Rd6 51. c5 1-0

[Event "4NCL Division 2a"]
[Site "De Vere, Staverton Park ENG"]
[Date "2013.01.13"]
[Round "4.44"]
[White "Pleasants, Allan J"]
[Black "Hewitt, William"]
[Result "1-0"]
[WhiteElo "2073"]
[BlackElo "2067"]
[PlyCount "79"]
[EventDate "2013.01.13"]
[WhiteTeam "Wessex"]
[BlackTeam "Rhyfelwyr Essyllwg 1"]

1. e4 c5 2. Nf3 e6 3. d4 cxd4 4. c3 d3 5. Bxd3 Nc6 6. Nbd2 d6 7. O-O Nf6 8. Re1
Be7 9. Nf1 O-O 10. Bf4 Nd7 11. Rc1 Nde5 12. Bb1 Re8 13. Ne3 b6 14. Bg3 a6 15.
Nd4 Qc7 16. f4 Ng6 17. Rc2 Bd7 18. Rf2 b5 19. Ref1 Rf8 20. f5 Nge5 21. f6 Bxf6
22. Rxf6 gxf6 23. Bh4 Ng6 24. Bxf6 Rfb8 25. Qh5 Kf8 26. Qxh7 Ke8 27. Qg8+ Nf8
28. Bg7 Kd8 29. Rxf7 Kc8 30. Nxc6 Qxc6 31. Qxf8+ Kc7 32. Qe7 Re8 33. Qg5 Qc5
34. Qxc5+ dxc5 35. e5 a5 36. Be4 Ra6 37. h4 b4 38. Nc4 bxc3 39. bxc3 Rb8 40. h5
1-0

[Event "4NCL Division 2a"]
[Site "De Vere, Staverton Park ENG"]
[Date "2013.01.13"]
[Round "4.45"]
[White "Trevelyan, John"]
[Black "Jenks, C Bruce"]
[Result "1-0"]
[WhiteElo "2129"]
[BlackElo "2135"]
[PlyCount "61"]
[EventDate "2013.01.13"]
[WhiteTeam "Rhyfelwyr Essyllwg 1"]
[BlackTeam "Wessex"]

1. d4 Nf6 2. c4 c5 3. e3 g6 4. Nc3 Bg7 5. Bd3 O-O 6. d5 d6 7. f4 Na6 8. Nf3 Bg4
9. O-O Nc7 10. h3 Bxf3 11. Qxf3 a6 12. e4 Qd7 13. Bd2 Rab8 14. Rae1 e6 15. g4
exd5 16. exd5 Rfe8 17. f5 Rxe1 18. Bxe1 g5 19. h4 h6 20. Kg2 Qe7 21. Bd2 Nd7
22. hxg5 hxg5 23. f6 Qxf6 24. Qe4 Qd4 25. Bxg5 Ne5 26. Qh7+ Kf8 27. Be2 Re8 28.
Rf4 Qe3 29. Rf5 Qd4 30. Bh6 Nd7 31. Qh8+ 1-0

[Event "4NCL Division 2a"]
[Site "De Vere, Staverton Park ENG"]
[Date "2013.01.13"]
[Round "4.46"]
[White "Gregory, Keith DF"]
[Black "Brown, Tom"]
[Result "0-1"]
[WhiteElo "2047"]
[BlackElo "2083"]
[PlyCount "120"]
[EventDate "2013.01.13"]
[WhiteTeam "Wessex"]
[BlackTeam "Rhyfelwyr Essyllwg 1"]

1. Nf3 g6 2. c4 Bg7 3. Nc3 Nf6 4. g3 d5 5. d4 dxc4 6. Qa4+ Nbd7 7. Bg2 O-O 8.
Qxc4 Nb6 9. Qb3 a5 10. O-O Be6 11. Qd1 c6 12. Re1 Qc8 13. Na4 Nxa4 14. Qxa4 Bd5
15. Bf4 Rd8 16. Be5 Ne4 17. Bxg7 Kxg7 18. Ne5 f6 19. Nd3 Ng5 20. e4 b5 21. Qc2
Bf7 22. f4 Nh3+ 23. Bxh3 Qxh3 24. Nf2 Qd7 25. Red1 Rac8 26. b3 Qa7 27. Rac1
Rxd4 28. Rxd4 Qxd4 29. Rd1 Qa7 30. e5 Rc7 31. exf6+ exf6 32. Rd6 Qe3 33. Rd3
Qe1+ 34. Kg2 a4 35. bxa4 bxa4 36. g4 Qa5 37. h4 Bd5+ 38. Kg3 Rb7 39. g5 f5 40.
Qe2 Qc7 41. Re3 Qf7 42. Qc2 Re7 43. Qb2+ Kg8 44. Qb8+ Qf8 45. Qxf8+ Kxf8 46.
Ra3 c5 47. Rxa4 Re3+ 48. Kh2 Re2 49. Kg3 Rxa2 50. Rxa2 Bxa2 51. Kf3 Ke7 52. Ke3
Kd6 53. Nd3 Be6 54. Ne5 Kd5 55. Kd3 Bc8 56. Ke3 c4 57. Nf7 c3 58. Kd3 Ba6+ 59.
Kxc3 Ke4 60. Kd2 Kxf4 0-1

[Event "4NCL Division 2a"]
[Site "De Vere, Staverton Park ENG"]
[Date "2013.01.13"]
[Round "4.48"]
[White "Reid, Vaness"]
[Black "Thorpe, Thomas G"]
[Result "1/2-1/2"]
[WhiteElo "1844"]
[BlackElo "1848"]
[PlyCount "89"]
[EventDate "2013.01.13"]
[WhiteTeam "Wessex"]
[BlackTeam "Rhyfelwyr Essyllwg 1"]

1. c4 g6 2. Nc3 Bg7 3. g3 c5 4. Bg2 Nc6 5. e3 d6 6. Nge2 Nf6 7. O-O O-O 8. d4
cxd4 9. exd4 Bf5 10. a3 Qd7 11. Re1 Rac8 12. Bg5 Bh3 13. Bh1 Qg4 14. Be3 g5 15.
Rc1 Qh5 16. f3 Bg4 17. Rf1 e5 18. Ne4 Bh3 19. Nxf6+ Bxf6 20. Rf2 exd4 21. Bxd4
Bxd4 22. Nxd4 Ne5 23. g4 Qg6 24. Nf5 Qf6 25. b3 Rcd8 26. Rd2 h5 27. Nxd6 hxg4
28. Ne4 Nxf3+ 29. Bxf3 Qxf3 30. Qxf3 gxf3 31. Rxd8 Rxd8 32. Nxg5 Bg4 33. Ne4 f5
34. Nf2 Rd2 35. h3 Bh5 36. Rd1 Re2 37. Rd8+ Kf7 38. Nd3 Rg2+ 39. Kf1 Ke7 40.
Rd5 Ra2 41. Rxf5 Bg6 42. Rxf3 Rxa3 43. Re3+ Kf6 44. Nf4 Bc2 45. Nd5+ 1/2-1/2

[Event "4NCL Division 2a"]
[Site "De Vere, Staverton Park ENG"]
[Date "2013.02.23"]
[Round "5.11"]
[White "Zakarian, David"]
[Black "Jones, Richard S"]
[Result "1/2-1/2"]
[WhiteElo "2374"]
[BlackElo "2394"]
[PlyCount "62"]
[EventDate "2013.02.23"]
[WhiteTeam "Oxford 1"]
[BlackTeam "Rhyfelwyr Essyllwg 1"]

1. e4 e5 2. f4 d5 3. exd5 exf4 4. Nf3 Nf6 5. Bc4 Nxd5 6. Bxd5 Qxd5 7. Nc3 Qf5
8. O-O Be6 9. d4 Nc6 10. Ne5 Nxe5 11. Rxf4 Qg6 12. dxe5 Bc5+ 13. Kh1 O-O 14.
Ne4 Rad8 15. Qe2 Bd4 16. Rf1 Bf5 17. Re1 Bxe5 18. Nc5 Qc6 19. Qf2 Bh3 20. Nd3
Bd4 21. Be3 Bxe3 22. Rxe3 Bc8 23. Rf1 f6 24. Re7 Rde8 25. Rfe1 Rxe7 26. Rxe7
Qd6 27. Qe3 b6 28. h3 Bb7 29. Nf4 g5 30. Qe6+ Qxe6 31. Nxe6 Rc8 1/2-1/2

[Event "4NCL Division 2a"]
[Site "De Vere, Staverton Park ENG"]
[Date "2013.02.23"]
[Round "5.12"]
[White "Kett, Timothy J"]
[Black "Harvey, Marcus R"]
[Result "1/2-1/2"]
[WhiteElo "2220"]
[BlackElo "2181"]
[PlyCount "158"]
[EventDate "2013.02.23"]
[WhiteTeam "Rhyfelwyr Essyllwg 1"]
[BlackTeam "Oxford 1"]

1. d4 e6 2. c4 Nf6 3. Nc3 Bb4 4. e3 O-O 5. Bd3 d5 6. Nf3 dxc4 7. Bxc4 b6 8. O-O
Bb7 9. a3 Bxc3 10. bxc3 Nc6 11. Qc2 Na5 12. Bd3 Rc8 13. e4 c5 14. Re1 cxd4 15.
Nxd4 e5 16. Nf5 g6 17. Nh6+ Kg7 18. Bg5 Qc7 19. Qd2 Nd7 20. Ng4 f6 21. Bh6+ Kh8
22. Bxf8 Rxf8 23. Rad1 Nc5 24. Qh6 Qg7 25. Qxg7+ Kxg7 26. f3 Na4 27. Bb5 Nxc3
28. Rd7+ Rf7 29. Rxf7+ Kxf7 30. Bf1 Na4 31. Rd1 Ke7 32. Ne3 Nc5 33. Bc4 Nxc4
34. Nxc4 Nb3 35. a4 Bc6 36. Nd6 Bd7 37. Nb5 Bxb5 38. axb5 Nd4 39. Rb1 Kd6 40.
Kf2 Kc5 41. Rc1+ Kxb5 42. Rc7 a5 43. Rxh7 a4 44. h4 a3 45. g4 Nc6 46. Rd7 a2
47. Rd1 Kb4 48. h5 gxh5 49. gxh5 b5 50. h6 Ne7 51. h7 Ng6 52. Kg3 Kc3 53. Kg4
b4 54. Kf5 Nh8 55. Rd8 Nf7 56. Ra8 b3 57. Kxf6 b2 58. Kxf7 a1=Q 59. h8=Q Qxa8
60. Qxa8 b1=Q 61. Qa5+ Kd4 62. Qd2+ Kc4 63. Qd5+ Kc3 64. Qxe5+ Kd3 65. f4 Qb7+
66. Kf6 Qh7 67. Qd5+ Ke3 68. f5 Kf4 69. Ke6 Qg8+ 70. Ke7 Qg7+ 71. Qf7 Qe5+ 72.
Qe6 Qg7+ 73. Ke8 Qh8+ 74. Kd7 Qa8 75. f6 Qa7+ 76. Ke8 Kg5 77. Qf5+ Kh6 78. e5
Qf7+ 79. Kd8 Qc7+ 1/2-1/2

[Event "4NCL Division 2a"]
[Site "De Vere, Staverton Park ENG"]
[Date "2013.02.23"]
[Round "5.13"]
[White "Rose, Matthew"]
[Black "Spice, Alan P"]
[Result "0-1"]
[WhiteElo "2303"]
[BlackElo "2099"]
[PlyCount "80"]
[EventDate "2013.02.23"]
[WhiteTeam "Oxford 1"]
[BlackTeam "Rhyfelwyr Essyllwg 1"]

1. e4 e6 2. d4 d5 3. Nd2 Nc6 4. Ngf3 Nf6 5. e5 Nd7 6. c3 f6 7. Bb5 a6 8. Bxc6
bxc6 9. O-O fxe5 10. dxe5 c5 11. Qa4 Rb8 12. Nb3 Rb5 13. Qg4 Qe7 14. Re1 Nb6
15. Nbd2 Bd7 16. b3 Nc8 17. Ba3 Qf7 18. c4 dxc4 19. Nxc4 Be7 20. Qe4 O-O 21.
Rad1 Qe8 22. Rd3 Bc6 23. Qg4 Qf7 24. Re2 Rb8 25. Ng5 Bxg5 26. Qxg5 Nb6 27. Nxb6
cxb6 28. Rd6 h6 29. Qg4 Bd5 30. Bb2 a5 31. f3 b5 32. Ra6 c4 33. bxc4 bxc4 34.
Rxa5 Qc7 35. Bc3 Rb1+ 36. Kf2 Rd1 37. Re3 Rc8 38. Ra4 Qc5 39. Rb4 Rd3 40. Qf4
Rf8 0-1

[Event "4NCL Division 2a"]
[Site "De Vere, Staverton Park ENG"]
[Date "2013.02.23"]
[Round "5.14"]
[White "Trevelyan, John"]
[Black "Smallbone, Kieran D"]
[Result "1/2-1/2"]
[WhiteElo "2129"]
[BlackElo "2211"]
[PlyCount "88"]
[EventDate "2013.02.23"]
[WhiteTeam "Rhyfelwyr Essyllwg 1"]
[BlackTeam "Oxford 1"]

1. d4 d5 2. Nf3 Nf6 3. c4 c6 4. cxd5 cxd5 5. Nc3 Nc6 6. Bf4 Bf5 7. e3 e6 8. Bb5
Nd7 9. O-O Rc8 10. Rc1 Be7 11. Na4 O-O 12. Bxc6 bxc6 13. Ne5 Nxe5 14. Bxe5 Qa5
15. a3 Qb5 16. Rc3 Rfd8 17. Qb3 Qxb3 18. Rxb3 Bc2 19. Rb7 Bxa3 20. Nc3 Bf8 21.
Ra1 f6 22. Bc7 Rd7 23. Raxa7 c5 24. Bb6 Rxb7 25. Rxb7 cxd4 26. exd4 Rc4 27. Ba7
Bd3 28. f3 h5 29. Kf2 h4 30. Ke3 Bf1 31. Kf2 Bd3 32. Ke3 h3 33. gxh3 Bf1 34. h4
Kh7 35. Kf2 Bh3 36. Ne2 Bf5 37. Ke3 e5 38. b3 Rb4 39. Rxb4 Bxb4 40. Bc5 Be1 41.
b4 Bd7 42. f4 e4 43. Ng3 Kg6 44. Bf8 Bxg3 1/2-1/2

[Event "4NCL Division 2a"]
[Site "De Vere, Staverton Park ENG"]
[Date "2013.02.23"]
[Round "5.15"]
[White "Rawlinson, Aidan M"]
[Black "Brown, Tom"]
[Result "1-0"]
[WhiteElo "2171"]
[BlackElo "2083"]
[PlyCount "47"]
[EventDate "2013.02.23"]
[WhiteTeam "Oxford 1"]
[BlackTeam "Rhyfelwyr Essyllwg 1"]

1. d4 Nf6 2. c4 g6 3. g3 Bg7 4. Bg2 O-O 5. Nc3 d6 6. Nf3 Nbd7 7. O-O e5 8. e4
exd4 9. Nxd4 Re8 10. h3 a6 11. Be3 Rb8 12. Qc2 c5 13. Nde2 b5 14. Rad1 Qc7 15.
cxb5 axb5 16. Qd3 c4 17. Qxd6 Qxd6 18. Rxd6 b4 19. Na4 Nxe4 20. Rc6 f5 21. Bxe4
Rxe4 22. Rd1 Bb7 23. Rc7 Rxe3 24. Rdxd7 1-0

[Event "4NCL Division 2a"]
[Site "De Vere, Staverton Park ENG"]
[Date "2013.02.23"]
[Round "5.16"]
[White "Smith, Olivia"]
[Black "Dickinson, Tim R"]
[Result "0-1"]
[WhiteElo "2011"]
[BlackElo "2134"]
[PlyCount "48"]
[EventDate "2013.02.23"]
[WhiteTeam "Rhyfelwyr Essyllwg 1"]
[BlackTeam "Oxford 1"]

1. Nf3 Nf6 2. g3 d5 3. Bg2 Bg4 4. d3 e6 5. Nbd2 Be7 6. O-O O-O 7. Ne5 Bh5 8. c4
c6 9. Ndf3 Nbd7 10. Nxd7 Nxd7 11. cxd5 cxd5 12. d4 Qb6 13. b3 Rfc8 14. Bb2 a5
15. Rc1 a4 16. Rxc8+ Rxc8 17. Ne1 Bg6 18. Nd3 Nb8 19. Re1 Nc6 20. e3 Nb4 21.
Nxb4 Bxb4 22. Re2 a3 23. Ba1 Qc6 24. e4 Qc1 0-1

[Event "4NCL Division 2a"]
[Site "De Vere, Staverton Park ENG"]
[Date "2013.02.23"]
[Round "5.17"]
[White "Healey, Michael W"]
[Black "Freeland, Alexander"]
[Result "1-0"]
[WhiteElo "2088"]
[BlackElo "1819"]
[PlyCount "55"]
[EventDate "2013.02.23"]
[WhiteTeam "Oxford 1"]
[BlackTeam "Rhyfelwyr Essyllwg 1"]

1. e4 c5 2. Nf3 d6 3. Nc3 g6 4. d4 cxd4 5. Qxd4 Nf6 6. e5 dxe5 7. Qxd8+ Kxd8 8.
Nxe5 Be6 9. Be3 Nbd7 10. O-O-O a6 11. Bd4 Rg8 12. Be2 Ke8 13. Bf3 Rb8 14. Rhe1
Bh6+ 15. Kb1 Bf4 16. Nxd7 Nxd7 17. g3 Bc7 18. Bd5 Bxd5 19. Nxd5 Bd8 20. c4 Rc8
21. b3 e6 22. Nf4 Be7 23. h4 Rc6 24. Bb2 Bc5 25. Re2 Ke7 26. b4 Bd6 27. b5 axb5
28. cxb5 1-0

[Event "4NCL Division 2a"]
[Site "De Vere, Staverton Park ENG"]
[Date "2013.02.23"]
[Round "5.18"]
[White "Fathallah, Joe"]
[Black "Ehr, Jennifer"]
[Result "1/2-1/2"]
[WhiteElo "1976"]
[BlackElo "1595"]
[PlyCount "80"]
[EventDate "2013.02.23"]
[WhiteTeam "Rhyfelwyr Essyllwg 1"]
[BlackTeam "Oxford 1"]

1. d4 Nf6 2. c4 e6 3. Nc3 Bb4 4. Qc2 O-O 5. Bg5 d5 6. cxd5 exd5 7. e3 c6 8. Bd3
h6 9. Bh4 Nbd7 10. Nf3 Re8 11. O-O-O Qa5 12. Nd2 Bxc3 13. bxc3 b5 14. Nb3 Qb6
15. Bxf6 Nxf6 16. h3 a5 17. Kd2 Ne4+ 18. Bxe4 Rxe4 19. Nc5 Re7 20. Rb1 Qc7 21.
Qd3 Qd6 22. g4 Qf6 23. f4 Rea7 24. Rhf1 b4 25. c4 Ba6 26. Nxa6 Rxa6 27. c5 R6a7
28. Rb3 Rd7 29. Qe2 Qh4 30. Qf3 Qe7 31. Rfb1 Rb8 32. a3 Rdb7 33. axb4 Rxb4 34.
Rxb4 Rxb4 35. Rxb4 axb4 36. Qd1 Qa7 37. Qb3 Qa5 38. h4 g6 39. Kc2 Qb5 40. Qd3
Qa4+ 1/2-1/2

[Event "4NCL Division 2a"]
[Site "De Vere, Staverton Park ENG"]
[Date "2013.02.23"]
[Round "5.21"]
[White "Ivell, Nicholas W"]
[Black "Merry, Alan B"]
[Result "1-0"]
[WhiteElo "2320"]
[BlackElo "2251"]
[PlyCount "67"]
[EventDate "2013.02.23"]
[WhiteTeam "Spirit of Atticus"]
[BlackTeam "Anglian Avengers 1"]

1. e4 e6 2. d4 d5 3. e5 c5 4. c3 Qb6 5. Nf3 Bd7 6. Be2 Bb5 7. c4 Bxc4 8. Bxc4
dxc4 9. d5 Ne7 10. dxe6 Qxe6 11. O-O h6 12. Nc3 a6 13. Re1 Nd7 14. Ne4 O-O-O
15. Nd6+ Kb8 16. Nxf7 Qxf7 17. e6 Qf5 18. exd7 Rxd7 19. Qa4 Nc6 20. Qxc4 Bd6
21. Be3 g5 22. h3 Rg7 23. Rad1 Rd8 24. Kf1 g4 25. Nh4 Qf6 26. Rxd6 Rxd6 27. Bf4
gxh3 28. Re6 hxg2+ 29. Nxg2 Qf5 30. Rxd6 Ka8 31. Qd3 Qf8 32. Bxh6 Nd4 33. Rxa6+
bxa6 34. Qxa6+ 1-0

[Event "4NCL Division 2a"]
[Site "De Vere, Staverton Park ENG"]
[Date "2013.02.23"]
[Round "5.22"]
[White "Player, Edmund C"]
[Black "Carleton, John J"]
[Result "1-0"]
[WhiteElo "2248"]
[BlackElo "2277"]
[PlyCount "79"]
[EventDate "2013.02.23"]
[WhiteTeam "Anglian Avengers 1"]
[BlackTeam "Spirit of Atticus"]

1. e4 Nf6 2. e5 Nd5 3. d4 d6 4. Nf3 Nc6 5. c4 Nb6 6. exd6 exd6 7. Be3 Be7 8.
Nc3 O-O 9. Be2 Bg4 10. b3 Re8 11. O-O Bf6 12. Qd2 d5 13. c5 Nc8 14. h3 Be6 15.
b4 a6 16. a3 N8e7 17. Bd1 Nf5 18. Ba4 Nh4 19. Nxh4 Bxh4 20. Ne2 Bf5 21. Nf4 Bg6
22. Rfe1 Qd7 23. Re2 Bf6 24. Rae1 Re4 25. f3 Re7 26. Bf2 Rae8 27. Rxe7 Rxe7 28.
Rxe7 Bxe7 29. Qa2 Qf5 30. Nxd5 Bd8 31. Nc3 Qf4 32. Qe2 Kf8 33. Bxc6 bxc6 34.
Qe3 Qf5 35. Ne4 Qd5 36. Bg3 h6 37. Kh2 Qe6 38. Qf2 f5 39. Nd2 Qd7 40. Bh4 {
Black overstepped the time limit} 1-0

[Event "4NCL Division 2a"]
[Site "De Vere, Staverton Park ENG"]
[Date "2013.02.23"]
[Round "5.23"]
[White "Mitchell, Martin"]
[Black "Munson, Shaun D"]
[Result "1-0"]
[WhiteElo "2213"]
[BlackElo "2177"]
[PlyCount "69"]
[EventDate "2013.02.23"]
[WhiteTeam "Spirit of Atticus"]
[BlackTeam "Anglian Avengers 1"]

1. d4 d5 2. c4 c6 3. cxd5 cxd5 4. Nf3 Nc6 5. Nc3 Nf6 6. Bf4 a6 7. Rc1 e6 8. e3
Be7 9. Bd3 Qb6 10. O-O Qxb2 11. Na4 Qb4 12. Rb1 Qa5 13. Nb6 O-O 14. Nxa8 Bd8
15. Qd2 b5 16. Qxa5 Bxa5 17. Bc7 Bb7 18. Bxa5 Nxa5 19. Nb6 Bc6 20. Ne5 Rb8 21.
Na4 Be8 22. Nc5 Ra8 23. Rfc1 g6 24. g4 h6 25. h4 Kg7 26. g5 hxg5 27. hxg5 Nh7
28. f4 Nf8 29. Kf2 f6 30. gxf6+ Kxf6 31. Rh1 Nc4 32. Rh8 Kg7 33. Rbh1 a5 34.
Nxe6+ Nxe6 35. R1h7+ 1-0

[Event "4NCL Division 2a"]
[Site "De Vere, Staverton Park ENG"]
[Date "2013.02.23"]
[Round "5.24"]
[White "Talsma, Paul A"]
[Black "Latham, David"]
[Result "1-0"]
[WhiteElo "2185"]
[BlackElo "2143"]
[PlyCount "103"]
[EventDate "2013.02.23"]
[WhiteTeam "Anglian Avengers 1"]
[BlackTeam "Spirit of Atticus"]

1. d4 d5 2. c4 e6 3. Nc3 Nf6 4. Bg5 Be7 5. e3 Ne4 6. Bf4 Nxc3 7. bxc3 Bd6 8.
Bg3 b6 9. cxd5 exd5 10. Bd3 Be6 11. Ne2 Bxg3 12. hxg3 h6 13. Nf4 Nd7 14. Bb5 g5
15. Nd3 Kf8 16. Bc6 Rb8 17. Nb4 Qe7 18. Bxd5 Bxd5 19. Nxd5 Qe6 20. Nb4 a5 21.
Nd3 Qe4 22. O-O h5 23. Qd2 g4 24. Nf4 h4 25. Qd3 Qxd3 26. Nxd3 hxg3 27. fxg3
Re8 28. Rae1 Re6 29. Rf4 Reh6 30. Nf2 Rc6 31. Ne4 Ke7 32. Ref1 Rf8 33. Rxg4 f5
34. Rg7+ Ke8 35. d5 Rc4 36. Ng5 Rxc3 37. Ne6 Rf7 38. e4 Rxg7 39. Nxg7+ Kf7 40.
Ne6 Ke7 41. Rxf5 Kd6 42. Ng7 b5 43. Rf7 Nc5 44. Ne8+ Ke5 45. Re7+ Kd4 46. Nxc7
Rc1+ 47. Kh2 Nxe4 48. Ne6+ Kc3 49. Nf4 Ra1 50. Rxe4 Rxa2 51. Ne2+ Kd3 52. Rd4+
1-0

[Event "4NCL Division 2a"]
[Site "De Vere, Staverton Park ENG"]
[Date "2013.02.23"]
[Round "5.25"]
[White "Jackson, Sheila"]
[Black "Taylor, Adam C"]
[Result "0-1"]
[WhiteElo "2177"]
[BlackElo "1966"]
[PlyCount "104"]
[EventDate "2013.02.23"]
[WhiteTeam "Spirit of Atticus"]
[BlackTeam "Anglian Avengers 1"]

1. e4 g6 2. d4 Bg7 3. Nc3 c5 4. Nf3 cxd4 5. Nxd4 Nc6 6. Be3 Nf6 7. Nxc6 bxc6 8.
e5 Ng8 9. f4 Nh6 10. Be2 O-O 11. O-O d6 12. Bf3 Nf5 13. Bf2 dxe5 14. Bxc6 Rb8
15. Qxd8 Rxd8 16. Bxa7 Rxb2 17. Rad1 Nd4 18. Ba4 Bg4 19. Rb1 Rxb1 20. Rxb1 exf4
21. Rb8 Rxb8 22. Bxb8 f3 23. Nd5 Nf5 24. Ba7 e6 25. Ne3 Nxe3 26. Bxe3 fxg2 27.
Bc6 Bc3 28. a4 Be2 29. Kxg2 f5 30. Bb5 Bd1 31. Bd3 Ba5 32. Bd4 Kf7 33. Be5 g5
34. Kf2 h5 35. Kg2 Ke7 36. h3 h4 37. Kf2 g4 38. hxg4 fxg4 39. Be4 Kd7 40. Kg2
Bc7 41. Bd4 h3+ 42. Kg1 h2+ 43. Kh1 Bf3+ 44. Bxf3 gxf3 45. Bf2 Kc6 46. c4 Bf4
47. a5 Kb7 48. c5 e5 49. a6+ Kxa6 50. c6 e4 51. Bg3 e3 52. Bxf4 f2 0-1

[Event "4NCL Division 2a"]
[Site "De Vere, Staverton Park ENG"]
[Date "2013.02.23"]
[Round "5.26"]
[White "Tozer, Philip AA"]
[Black "Mort, Andrew J"]
[Result "1-0"]
[WhiteElo "2174"]
[BlackElo "2021"]
[PlyCount "61"]
[EventDate "2013.02.23"]
[WhiteTeam "Anglian Avengers 1"]
[BlackTeam "Spirit of Atticus"]

1. c4 c5 2. g3 Nf6 3. Bg2 d5 4. cxd5 Nxd5 5. Nc3 Nc7 6. Nf3 Nc6 7. O-O e5 8. a3
Bd6 9. d3 O-O 10. Ne4 Rb8 11. Rb1 f6 12. b4 cxb4 13. Nxd6 Qxd6 14. axb4 Nb5 15.
Nd2 Ncd4 16. Ne4 Qe7 17. e3 Nc6 18. Qa4 a6 19. Bd2 Rd8 20. Nc5 Nca7 21. Qa2+
Kh8 22. d4 exd4 23. exd4 Rxd4 24. Rfe1 Qd8 25. Bf4 Bf5 26. Bxb8 Bxb1 27. Qe2
Bg6 28. Bxa7 Rd2 29. Qe3 Nxa7 30. Nxb7 Qd7 31. Qxa7 1-0